| 000 | 00521nam a2200181Ia 4500 | ||
|---|---|---|---|
| 003 | IN-BaIIA | ||
| 008 | 211028s9999 xx 000 0 eng d | ||
| 040 | _cIIA Library | ||
| 080 |
_a52(091) _bSUB |
||
| 100 |
_aSubbarayappa, B.V _915041 |
||
| 245 | 0 |
_aIndian Astronomy:A Source Book _cB.V. Subbarayappa and K.V. Sarma |
|
| 260 |
_aBombay _bNehru Centre _c1985 |
||
| 300 | _axl, 335p. | ||
| 650 | _aAstronomy and Astrophysics Thesaurus | ||
| 650 |
_aAstronomy-History _9900 |
||
| 700 |
_aSarma, K.V. _915042 |
||
| 942 | _cBK | ||
| 999 |
_c8948 _d8948 |
||